Mimopecní zpracování oceli : sborník referátů /
Uložené v:
| Ďalší autori: | |
|---|---|
| Médium: | Kniha |
| Jazyk: | Czech Slovak |
| Vydané: |
Ostrava :
Dům techniky Československé vědeckotechnické společnosti,
1986.
|
| Vydanie: | 1. vyd. |
| ISBN: |
(brož.) |
| Fyzický popis: |
235 s. : obr., fotogr., tb. |
| Tagy: |
Pridať tag
Žiadne tagy, Buďte prvý kto otaguje tento záznam!
|
Titul je dostupný aj v ... 

MARC
| LEADER | 00000nam a2200000 4500 | ||
|---|---|---|---|
| 001 | 000212607 | ||
| 005 | 20091206202130.0 | ||
| 008 | 861003s1986 xr 0 cze d | ||
| 020 | |a (brož.) | ||
| 040 | |a SVKKK |b slo |c SVKKK |e AACR2 | ||
| 041 | 0 | |a cze |a slo | |
| 044 | |a xr |c CZ | ||
| 245 | 0 | 0 | |a Mimopecní zpracování oceli : |b sborník referátů / |c úvod Jan Chvojka. |
| 250 | |a 1. vyd. | ||
| 260 | |a Ostrava : |b Dům techniky Československé vědeckotechnické společnosti, |c 1986. | ||
| 300 | |a 235 s. : |b obr., fotogr., tb. | ||
| 366 | |e 170 výt. | ||
| 500 | |a Rozmn. | ||
| 504 | |a Prehľady lit. | ||
| 546 | |a Text čiast. slov. | ||
| 700 | 1 | |a Chvojka, Jan |4 aui | |
| 910 | |a svkkk | ||
| 998 | |a BK | ||
| 090 | |g SCKHL |k Sklad Pribinova 2. posch. |a II.308634 |j 732928 |i 2720094577 |s Absenčne | ||